[Event "EICC 2021"]
[Site "Reykjavik"]
[Date "2021.09.03"]
[Round "9.17"]
[White "Sanal, Vahap"]
[Black "Ter-Sahakyan, Samvel"]
[Result "1-0"]
[WhiteElo "2557"]
[BlackElo "2624"]
[Annotator "TA"]
[PlyCount "113"]
[EventDate "2021.08.26"]
[EventType "swiss"]
[EventCountry "ISL"]
[Tiebreak "Cut1 Buchholz"]
[SourceTitle "playchess.com"]
[Source "ChessBase"]
[SourceQuality "1"]

{[%evp 17,113,25,22,24,25,24,22,17,51,20,20,25,18,7,0,0,37,37,34,37,37,37,41,
39,45,35,27,25,35,19,11,18,29,23,29,29,29,28,36,38,31,-6,31,0,0,0,0,-59,-71,
-54,112,109,129,77,95,126,112,43,39,0,148,127,102,105,252,213,216,222,259,245,
257,143,366,358,285,254,243,240,240,240,254,247,331,327,385,344,345,344,385,
371,405,380,426,412,849,802,1647,1131]} 1. e4 c5 2. Nf3 d6 3. Bb5+ Nd7 4. c3
Ngf6 5. Qe2 a6 6. Ba4 b5 7. Bc2 e5 8. d4 Be7 9. O-O O-O 10. d5 {B51: Sicilian:
Moscow Variation (3 Bb5+) without 3...Bd7.} Nb6 11. b3 {[#]} Bd7 $146 ({
Predecessor:} 11... a5 12. Re1 a4 13. b4 c4 14. Nbd2 g6 15. Nf1 Nh5 16. Bh6 Re8
17. Rad1 Bf6 {1/2-1/2 (53) Kiik,K (2411)-Kogan,A (2547) Puhajarve 2018}) 12. c4
{The position is equal.} Qc7 13. Nc3 {[%cal Rc4b5]} b4 14. Nd1 a5 15. Ne1 a4
16. Rb1 axb3 17. axb3 Ra2 18. Bb2 Bg4 19. f3 Bc8 20. g3 Re8 21. Rc1 Bf8 22. Bb1
Ra7 23. Ne3 Qd8 24. Nd3 g6 25. Rce1 Bg7 26. g4 Nbd7 27. h4 h5 {With the idea ..
.hxg4.} 28. Qg2 Nf8 29. Rf2 Rae7 30. Nc1 hxg4 31. fxg4 Qd7 $1 {[%cal Rf6g4]}
32. Nf5 gxf5 $15 33. exf5 {[#]} N8h7 $2 (33... Ng6 $1 $15) 34. Ne2 $1 $16 Kh8
35. g5 Rg8 36. Kh1 Qd8 37. gxf6 (37. Ng3 $1 $16) 37... Bxf6 $14 38. Qf3 Ree8 (
38... Bxh4 $2 39. Rh2 $1 $18) (38... e4 $1 $11 39. Bxf6+ Nxf6) 39. Qh5 $16 e4 {
[#]} 40. Bc1 Re5 (40... Qd7 $16) 41. Ref1 Bd7 42. Rf4 (42. Qxf7 $2 Be8 $19)
42... e3 43. R4f3 ({Wrong is} 43. Qxf7 $2 Be8 $19) 43... Rg7 44. Rh3 (44. Bxe3
Qe8 $14) ({White should try} 44. Rxe3 $18 {Strongly threatening Rg3.} Rxe3 45.
Bxe3) 44... Qg8 $2 {This move loses the game for Black.} (44... Qa8 $16 45. Qf3
(45. Rxe3 Rxe3 46. Bxe3 Qa1 $18) (45. Bxe3 Qa1 $16) 45... Qa1 46. Bxe3 Qb2) 45.
Bb2 $18 (45. Rxe3 Rxe3 46. Bxe3 Be5 $18) (45. Bxe3 Qe8 $18) 45... Rg2 46. Qf3
Rf2 47. Rxf2 exf2 48. Bxe5 ({Weaker is} 48. Qxf2 Qg4 $14) 48... Bxe5 49. Qxf2
Nf6 50. Qg1 Ng4 51. Rf3 Qg7 52. Qg2 Bc8 53. Nf4 {Threatens to win with Rg3.}
Nf6 54. Qg5 Bd7 55. Rf2 Nh7 (55... Kg8 $142 56. Kg2 Qxg5+ 57. hxg5 Ng4) 56.
Qd8+ Nf8 {[#]} 57. Ne6 $1 {Weighted Error Value: White=0.12/Black=0.31} 1-0

[Event "EICC 2021"]
[Site "Reykjavik"]
[Date "2021.09.03"]
[Round "9.18"]
[White "Gretarsson, Helgi Ass"]
[Black "Gajewski, Grzegorz"]
[Result "1-0"]
[WhiteElo "2447"]
[BlackElo "2617"]
[Annotator "TA"]
[PlyCount "80"]
[EventDate "2021.08.26"]
[EventType "swiss"]
[EventCountry "ISL"]
[Tiebreak "Cut1 Buchholz"]
[SourceTitle "playchess.com"]
[Source "ChessBase"]
[SourceQuality "1"]

{[%evp 19,80,25,25,25,20,25,29,25,26,5,47,54,63,0,22,27,67,67,70,54,59,60,54,
65,94,77,89,97,104,78,79,-54,107,118,124,108,276,272,264,270,270,267,312,291,
369,308,365,0,357,377,423,414,412,406,414,404,583,573,800,581,895,779,1705]} 1.
c4 e5 2. Nc3 Nf6 3. Nf3 Nc6 4. e3 Bb4 5. Qc2 O-O 6. Nd5 Re8 7. Qf5 d6 8. Nxf6+
gxf6 9. Qh5 d5 10. a3 $1 {[%mdl 4] is recently more successful than 10.Bd3.}
Bf8 11. cxd5 {A28: English Opening: Four Knights Variation.} Qxd5 12. d3 Be6
13. Bd2 {White has an edge.} Rad8 {[#]} 14. Bc3 $146 ({Predecessor:} 14. Be2
Ne7 15. Qh4 Ng6 16. Qa4 Bd7 17. Qa5 c5 18. e4 Qc6 19. O-O Bg4 20. Be3 {1-0 (40)
Badea,B-Norri,J Espoo 1988}) 14... b5 15. Be2 a5 16. Nd2 b4 {[#]} (16... Qxg2
$2 17. Bf3 $18) 17. Ne4 Bg7 (17... Be7 18. axb4) 18. axb4 axb4 {Threatens to
win with ...f5.} 19. Bd2 f5 20. Ng5 {aiming for e4.} h6 21. Nxe6 Qxe6 22. O-O
e4 23. d4 f4 {next ...f3 is good for Black.} 24. Rac1 Rd5 25. Qh4 (25. Qg4 $16
{Qxe6 is the strong threat.} Qxg4 26. Bxg4 fxe3 27. fxe3 Nxd4 28. exd4 (28.
Bxb4 Rg5 $11)) 25... Qd6 (25... f3 $1 $15 26. Bc4 (26. gxf3 exf3 27. Rxc6 Qxc6
$15) 26... Qg6) 26. Bc4 $16 {White now steadily converts the win.} Rf5 27. Qg4
Qf6 {[#]} (27... Ne7 $16) 28. Bxf7+ $1 $18 {[%mdl 576] Deflection} Qxf7 29.
Rxc6 h5 30. Qh3 f3 {[#]} 31. Rxc7 $3 {[%mdl 512]} Qg6 {[#] Now ...fxg2 and
Black clings on.} (31... Qxc7 32. Qxf5) 32. Rc6 $3 {[%mdl 512]} Qf7 (32...
Qxg2+ 33. Qxg2) 33. Rc7 Qg6 {Black hopes to continue with ...fxg2.} 34. Bxb4
fxg2 35. Rfc1 ({Wrong is} 35. Qxg2 $2 Rg5 $19) 35... Re6 36. Be7 Rf3 37. Qxg2
Qf5 (37... Rb6 $142 38. Qxg6 Rxg6+ 39. Kf1 Rb6) 38. R1c5 {White is clearly
winning.} Qf7 39. Bh4 Qf8 40. Qg5 {Hoping for d5.} Re8 {Weighted Error Value:
White=0.38/Black=0.36} 1-0

[Event "EICC 2021"]
[Site "Reykjavik"]
[Date "2021.09.03"]
[Round "9.19"]
[White "Svane, Rasmus"]
[Black "Hillarp Persson, Tiger"]
[Result "1-0"]
[WhiteElo "2615"]
[BlackElo "2543"]
[Annotator "TA"]
[PlyCount "76"]
[EventDate "2021.08.26"]
[EventType "swiss"]
[EventCountry "ISL"]
[Tiebreak "Cut1 Buchholz"]
[SourceTitle "playchess.com"]
[Source "ChessBase"]
[SourceQuality "1"]

{[%evp 13,76,8,14,8,21,16,29,31,14,22,35,35,35,28,20,25,24,20,25,42,49,39,42,
-16,-29,-19,-26,-47,-57,-50,-59,-73,0,-14,-14,-8,-2,-12,-8,-8,0,-27,-15,-15,
-18,-23,-12,-13,-13,-14,-20,-31,-2,-1,-3,-2,0,-3,0,0,77,85,82,70,78]} 1. d4 Nf6
2. c4 e6 3. Nf3 d5 4. g3 Be7 5. Bg2 O-O 6. O-O dxc4 7. Qc2 b5 8. a4 {E05: Open
Catalan: 5 Nf3 Be7.} b4 9. Nfd2 Nd5 {outshines the older 9...c6.} 10. Nxc4 {
White has an edge.} c5 11. dxc5 Ba6 12. Ne3 Nd7 $1 13. Nxd5 exd5 14. c6 Rc8 15.
Bf4 Nc5 16. Rd1 d4 17. h4 Re8 {[#]} 18. Bf3 $146 ({White should try} 18. c7 $14
Qd7 19. Kh2) ({Predecessor:} 18. Nd2 Bxe2 19. c7 Qd7 20. Rdc1 Nd3 21. Bc6 Qh3
22. Bxe8 Nxf4 23. Qe4 Rxe8 24. Qxf4 {1-0 (33) Gelfand,B (2684)-Deac,B (2618)
Bucharest 2019}) 18... Bf8 $11 19. Nd2 Bxe2 20. Bxe2 Rxe2 21. Qc4 d3 22. c7 Qe8
({Black should play} 22... Qf6 $17) 23. b3 ({Wrong is} 23. Qxb4 $2 Ne4 $19)
23... h6 24. Rac1 ({Avoid the trap} 24. Qxb4 $2 Ne4 $19) 24... Qd7 25. Nf3 ({
Of course not} 25. Qxb4 Ne6 $17) 25... Re4 26. Qb5 Qf5 (26... Qd5 {is
interesting.} 27. Kg2 Rxf4 28. gxf4 Qf5 29. Rxc5 Bxc5 30. Rxd3 Rxc7 31. Rd8+
Kh7) 27. Rxc5 Bxc5 28. Rxd3 {[#] Strongly threatening Rd8+.} Rxf4 29. gxf4 {
And now Rd8+ would win.} Rxc7 {White must now prevent ...Kh7.} 30. Rd8+ Kh7 {
Hoping for ...Qg4+.} 31. Qd3 Qxd3 32. Rxd3 {[%mdl 4096] Endgame KRB-KRN} Be7
33. Kg2 Kg6 34. Rd5 Kf6 35. Nd4 Bc5 36. Nf5 h5 (36... Bb6 $11 {remains equal.})
37. Ng3 $16 {[#] aiming for Ne4+.} Ke6 38. Re5+ Kd7 {Weighted Error Value:
White=0.06/Black=0.08} 1-0

[Event "EICC 2021"]
[Site "Reykjavik"]
[Date "2021.09.03"]
[Round "9.20"]
[White "Juksta, Karolis"]
[Black "Antipov, Mikhail Al."]
[Result "0-1"]
[WhiteElo "2438"]
[BlackElo "2607"]
[Annotator "TA"]
[PlyCount "84"]
[EventDate "2021.08.26"]
[EventType "swiss"]
[EventCountry "ISL"]
[Tiebreak "Cut1 Buchholz"]
[SourceTitle "playchess.com"]
[Source "ChessBase"]
[SourceQuality "1"]

{[%evp 13,84,-11,-11,-16,-8,-8,-3,-20,-23,-19,-13,-3,0,-7,-16,-14,-27,-31,-35,
-31,-27,-37,-33,-25,-18,-51,-41,-51,-51,-47,2,-62,-41,-64,-56,-60,-8,-8,-8,-76,
-75,-75,-75,-87,-95,-94,-97,-132,-130,-125,-123,-288,-288,-277,-276,-281,-290,
-407,-407,-407,-407,-406,-377,-389,-384,-397,-362,-404,-400,-687,-561,-674,
-642]} 1. d4 Nf6 2. c4 e6 3. Nc3 Bb4 4. g3 O-O 5. Bg2 d5 6. Nf3 dxc4 7. O-O Nc6
{[%cal Bb8c6,Bc6b4,Bb4d3][%mdl 32]} 8. Qa4 {E20: Nimzo-Indian: 4 g3 and 4 f3.}
Nd5 9. Qc2 Be7 10. Rd1 {The position is equal.} Rb8 11. e4 {[#]} Ncb4 12. Qd2 (
12. Qb1 Nb6) 12... Nxc3 13. Qxc3 b5 $1 14. b3 Bb7 15. a3 Nd3 16. bxc4 {[#]}
Nxc1 $146 ({Predecessor:} 16... bxc4 17. Qxc4 Nxc1 18. Rdxc1 Bxe4 19. Ne5 Bxg2
20. Kxg2 Rb6 21. Qxc7 Qd5+ 22. Kg1 Rb7 {1/2-1/2 (47) Mahdian,A (2103)
-Loskutova,V (2149) Mumbai 2019}) 17. Raxc1 Bxe4 18. Ne5 Bxg2 19. Kxg2 bxc4 20.
Qxc4 {Strongly threatening Nc6.} Bxa3 21. Rc3 Rb4 22. Qxc7 (22. Qa2 $1 $11 Bb2
23. Rc2 Rxd4 24. Re1) 22... Qd5+ 23. Kg1 {[#]} Rb7 $1 {[%cal Rb7c7]} 24. Qc6
Bb4 (24... Qxc6 $15 25. Nxc6 Be7) 25. Qxd5 $11 exd5 26. Rb3 (26. Rc2 $11) 26...
Rc8 $36 {[%mdl 2048] Black is really pushing.} 27. Ra1 Rc3 $1 {[%cal Rc3b3]}
28. Rbb1 f6 29. Ng4 Rcc7 $1 30. Ne3 Bc3 31. Rxb7 Rxb7 {[%mdl 4096] Endgame
KRB-KRN} 32. Ra4 {[#] White does not recover from this.} (32. Ra3 $17 Bxd4 33.
Nxd5) 32... Rb1+ $1 $19 33. Kg2 {[#]} Ra1 $1 {[%cal Ra1a4]} 34. Rxa1 Bxa1 {
KB-KN} 35. Nc2 (35. f4 {was called for.}) 35... Bb2 36. Kf3 Kf7 37. Ke3 a5 {
[%cal Ba7a5,Ba5a4][%mdl 32]} 38. Kd3 Ke6 39. Ne3 g6 40. f3 Kd6 41. h4 (41. Ng2
$142 a4 42. g4) 41... Kc6 42. g4 a4 {Weighted Error Value: White=0.31/Black=0.
09} 0-1

[Event "EICC 2021"]
[Site "Reykjavik"]
[Date "2021.09.03"]
[Round "9.21"]
[White "Parligras, Mircea-Emilian"]
[Black "Bjerre, Jonas Buhl"]
[Result "0-1"]
[WhiteElo "2591"]
[BlackElo "2550"]
[Annotator "TA"]
[PlyCount "82"]
[EventDate "2021.08.26"]
[EventType "swiss"]
[EventCountry "ISL"]
[Tiebreak "Cut1 Buchholz"]
[SourceTitle "playchess.com"]
[Source "ChessBase"]
[SourceQuality "1"]

{[%evp 19,82,36,23,19,10,16,15,11,27,0,0,4,12,0,13,0,8,0,0,0,0,2,27,0,22,0,0,0,
0,0,0,-25,-25,-25,-25,-142,-137,-143,-131,-254,-254,-254,-254,-361,-354,-593,
-590,-589,-587,-549,-542,-610,-581,-602,-609,-606,-586,-895,-879,-979,-958,
-1830,-1809,-6311,-6295]} 1. Nf3 c5 2. c4 Nc6 3. Nc3 g6 4. e3 Nf6 5. d4 cxd4 6.
exd4 d5 7. cxd5 Nxd5 8. Qb3 Nxc3 9. Bc4 e6 10. bxc3 Bd7 {[#] White must now
prevent ...Na5.} 11. Be2 {A35: Symmetrical English: 2 Nc3 Nc6 3 Nf3.} ({Not} 
11. Qxb7 $2 Rb8 $19) 11... Na5 12. Qb1 Bg7 13. Ba3 {The position is equal.} Bf8
14. Qc1 (14. Bb4 {keeps more tension.} Bc6 15. O-O Bd6 16. Qd3 Rc8 17. Ne5)
14... Bxa3 15. Qxa3 b6 16. h4 {[#]} h5 $146 ({Predecessor:} 16... Qe7 17. Qc1
Bc6 18. h5 O-O-O 19. Qf4 f6 20. Ba6+ Bb7 21. Bxb7+ Nxb7 {0-1 (69) Meier,G 
(2628)-Gelfand,B (2703) Jerusalem 2018}) 17. O-O Qe7 18. Qc1 Rc8 19. Qf4 O-O
20. Rac1 Kg7 21. Ng5 Bc6 22. c4 Rfd8 23. Rfd1 Qf6 24. Qe3 Bb7 25. Qg3 Nc6 {
[%cal Ba5c6,Bc6d4,Bd4e6][%mdl 32]} ({Avoid the trap} 25... Rxd4 $2 26. Rxd4
Qxd4 27. Rd1 $18) 26. d5 exd5 {aiming for ...Nd4.} 27. cxd5 {Black keeps a
firm grip on the game.} (27. Bxh5 $1 $11 dxc4 28. Rxc4 Rxd1+ 29. Bxd1) 27...
Nd4 $36 {[%mdl 2048] Black has strong initiative.} 28. Bd3 Bxd5 29. Rc7 (29.
Rxc8 $17 Rxc8 30. Qe3) 29... Rxc7 $19 30. Qxc7 Ne6 31. Qg3 {[#]} (31. Qc2 $142)
31... Bc4 $1 {[%mdl 512]} 32. Bc2 $2 (32. Nxe6+ Bxe6 33. Re1) 32... Rxd1+ {
Black is clearly winning.} 33. Bxd1 Nxg5 34. hxg5 Qa1 35. Qd6 Bxa2 36. Kh2 Be6
37. f4 Qc3 38. Bf3 b5 {[%cal Bb6b5,Bb5b4,Bb4b3][%mdl 32]} 39. Be4 h4 40. Bd3 b4
41. Kg1 b3 {Weighted Error Value: White=0.79/Black=0.03} 0-1

[Event "EICC 2021"]
[Site "Reykjavik"]
[Date "2021.09.03"]
[Round "9.22"]
[White "Sivuk, Vitaly"]
[Black "Horvath, Dominik"]
[Result "0-1"]
[WhiteElo "2589"]
[BlackElo "2455"]
[Annotator "TA"]
[PlyCount "82"]
[EventDate "2021.08.26"]
[EventType "swiss"]
[EventCountry "ISL"]
[Tiebreak "Cut1 Buchholz"]
[SourceTitle "playchess.com"]
[Source "ChessBase"]
[SourceQuality "1"]

{[%evp 12,82,0,0,0,-8,0,-8,-5,0,0,-18,33,25,15,0,-9,-10,-6,-8,4,-6,0,0,0,0,0,0,
0,0,9,6,28,19,25,24,27,27,25,2,4,-7,0,-4,0,-35,-35,-40,-43,-79,-68,-63,-70,
-127,-128,-128,-140,-142,-125,-823,-183,-880,-248,-370,-375,-366,-318,-729,
-726,-691,-681,-654,-634]} 1. d4 Nf6 2. c4 e6 3. Nf3 d5 4. Nc3 Bb4 5. Qa4+ Nc6
6. a3 Bxc3+ 7. bxc3 Ne4 {D38: Queen's Gambit Declined: Ragozin Defence (4 Nf3
Bb4).} 8. e3 {8.Bf4 is setting a new trend.} Nxc3 9. Qc2 Ne4 {The position is
equal.} 10. Bd3 O-O 11. O-O Na5 {[#]} (11... f5 $11) 12. cxd5 $146 ({
Predecessor:} 12. Ne5 Nf6 13. cxd5 exd5 14. Bd2 c6 15. Rab1 Be6 16. a4 Rb8 17.
Rb2 Nc4 18. Nxc4 dxc4 19. Bxc4 Bxc4 20. Qxc4 {1-0 (42) Giri,A (2776)-Van
Foreest,J (2698) Chess24.com INT 2021}) 12... exd5 13. Bxe4 dxe4 14. Qxe4 Re8
15. Qf4 Qd5 16. Re1 ({Don't play} 16. Qxc7 Nb3 $17) 16... Bf5 {Hoping for ...
Nb3.} 17. Nd2 Bg6 18. Bb2 Nb3 19. Nxb3 Qxb3 20. Re2 Re6 21. Rae1 c6 22. f3 Rf6
23. Qg3 Bd3 24. Rd2 Rg6 25. Qf2 f5 26. Qh4 Re8 27. Qf4 Bc4 28. Kf2 Rge6 29. d5
Bxd5 30. Bd4 b6 31. Qxf5 Qxa3 32. e4 {[#]} ({Better is} 32. Qc2 $15) 32... Bxe4
$1 $17 {[%mdl 512]} 33. Qg5 {[%csl Gd4][%cal Rg5g7]} ({Wrong is} 33. fxe4 $2
Rf8 $19) ({Not} 33. Rxe4 $2 Rxe4 34. fxe4 Rf8 $19) (33. Qf4 Bg6) 33... Qf8 34.
Rde2 Bd5 35. Be5 $2 {[%mdl 8192] This move loses the game for White.} (35. Rxe6
$17 Bxe6 36. Re5) 35... a5 $2 (35... Qc5+ 36. Kg3 Rg6 37. Qxg6 hxg6) 36. h4 $2
(36. Bd4) 36... a4 $2 (36... Qc5+ 37. Kg3 Rg6 38. Qxg6 hxg6) 37. h5 (37. Bd4 {
was worth a try.}) 37... h6 $19 38. Qg4 a3 39. Bd4 $2 (39. Bc3 Rxe2+ 40. Rxe2
Rxe2+ 41. Kxe2) 39... Rxe2+ {Black is clearly winning.} 40. Rxe2 Rxe2+ 41. Kxe2
b5 {Weighted Error Value: White=0.61/Black=0.48} 0-1

[Event "EICC 2021"]
[Site "Reykjavik"]
[Date "2021.09.03"]
[Round "9.23"]
[White "Thybo, Jesper Sondergaard"]
[Black "Subelj, Jan"]
[Result "1/2-1/2"]
[WhiteElo "2587"]
[BlackElo "2412"]
[Annotator "TA"]
[PlyCount "67"]
[EventDate "2021.08.26"]
[EventType "swiss"]
[EventCountry "ISL"]
[Tiebreak "Cut1 Buchholz"]
[SourceTitle "playchess.com"]
[Source "ChessBase"]
[SourceQuality "1"]

{[%evp 9,67,22,28,24,18,22,44,38,40,40,45,37,55,49,48,43,45,42,45,26,41,42,37,
39,43,41,35,41,47,-14,-8,-5,-14,-20,0,0,0,0,0,0,0,0,0,0,83,83,214,0,79,76,74,
-8,-14,-16,714,-29999,357,-5727,341,341]} 1. Nf3 Nf6 2. g3 b5 3. e3 a6 4. b3
Bb7 5. c4 b4 {[#]} 6. Bb2 $146 {A05: Réti Opening: 1 Nf3 Nf6.} ({Predecessor:} 
6. Bg2 e6 7. O-O Be7 8. d4 O-O 9. Bb2 d6 10. Nbd2 Nbd7 11. Qe2 c5 12. Rfd1 {
0-1 (49) Kramnik,V (2812)-Caruana,F (2804) Paris 2016}) 6... e6 7. d4 c5 8. Bg2
{White is slightly better.} cxd4 9. exd4 d5 10. Ne5 Qc7 {...dxc4 is the strong
threat.} 11. c5 Nc6 12. Nxc6 Bxc6 13. O-O g6 14. Bc1 Bg7 15. Bf4 Qb7 16. Be5
O-O 17. Nd2 a5 18. Qf3 Ne4 19. Nxe4 (19. Bxg7 $14 Kxg7 20. Qe3) 19... dxe4 $11
20. Qf4 Bxe5 21. Qxe5 Rad8 22. Qf6 Rfe8 23. Rfe1 e5 24. dxe5 Rd5 25. Rad1 Rdxe5
26. Rd8 Rxc5 {[#]} (26... Qe7 $11 {keeps the balance.} 27. Rxe8+ Qxe8) 27. Bxe4
$1 $16 Qc7 {[#]} (27... Rce5 $16 {might work better.}) 28. Rxe8+ (28. Red1 $1
$18 {and the rest is easy. Black must now prevent Bxc6.} Bb5 29. Rxe8+ Bxe8 30.
Rd8) 28... Bxe8 {[#]} 29. Bxg6 $1 $40 {[%cal Re1e8][%mdl 128] White is out for
blood.} Qc6 30. Qd8 ({White should try} 30. Qxc6 $16 Bxc6 31. Bd3) 30... Rc1
$11 {[%cal Rc1e1]} 31. Bxh7+ $1 Kg7 $2 {[%mdl 8192]} ({Wrong is} 31... Kxh7 $2
32. Qh4+ Kg6 33. Qg4+ Kf6 34. Qf4+ Kg6 35. Rxc1 $18) (31... Kh8 $11 32. Qd4+ (
32. Rxc1 Qxc1+ 33. Kg2 Qc6+ 34. f3 Kxh7 $15) 32... f6 33. Rxc1 Qxc1+ 34. Kg2
Kxh7) 32. Bg6 $4 {[%mdl 8192]} Rc5 $4 {[%mdl 8192]} 33. Qf6+ $4 {[%mdl 8192]}
Kg8 $4 {[%mdl 8192]} (33... Kxf6 $19 34. Be4 Qe6) 34. Qe7 {[%mdl 32768]
Weighted Error Value: White=0.58/Black=0.62. An unexpected result.} 1/2-1/2

[Event "EICC 2021"]
[Site "Reykjavik"]
[Date "2021.09.03"]
[Round "9.25"]
[White "Quparadze, Giga"]
[Black "Martinovic, Sasa"]
[Result "1-0"]
[WhiteElo "2476"]
[BlackElo "2548"]
[Annotator "ChessBase"]
[PlyCount "79"]
[EventDate "2021.08.26"]
[EventType "swiss"]
[EventCountry "ISL"]
[Tiebreak "Cut1 Buchholz"]
[SourceTitle "playchess.com"]
[Source "ChessBase"]
[SourceQuality "1"]
[TimeControl "40/5400+30:1800+30"]

1. e4 {[%emt 0:00:02]} e6 {[%emt 0:00:03]} 2. d4 {[%emt 0:00:06]} d5 {[%emt 0:
00:04]} 3. Nd2 {[%emt 0:00:05]} c5 {[%emt 0:00:05]} 4. Ngf3 {[%emt 0:00:06]}
cxd4 {[%emt 0:00:07]} 5. Nxd4 {[%emt 0:00:04]} Nc6 {[%emt 0:00:13]} 6. Bb5 {
[%emt 0:00:06]} Bd7 {[%emt 0:00:07]} 7. Nxc6 {[%emt 0:00:05]} bxc6 {[%emt 0:00:
07]} 8. Bd3 {[%emt 0:00:05]} Bd6 {[%emt 0:00:32]} 9. Qe2 {[%emt 0:00:06]} e5 {
[%emt 0:00:18]} 10. c4 {[%emt 0:00:42]} d4 {[%emt 0:00:20]} 11. O-O {[%emt 0:
00:08]} c5 {[%emt 0:00:15]} 12. f4 {[%emt 0:00:08]} Ne7 {[%emt 0:00:41]} 13.
fxe5 {[%emt 0:01:48]} Bxe5 {[%emt 0:00:14]} 14. Nf3 {[%emt 0:01:49]} Nc6 {
[%emt 0:01:20]} 15. Nxe5 {[%emt 0:03:20]} Nxe5 {[%emt 0:00:05]} 16. Bf4 {
[%emt 0:00:04]} Qe7 {[%emt 0:02:05]} 17. a3 {[%emt 0:00:08]} O-O {[%emt 0:04:
10]} 18. Bxe5 {[%emt 0:00:06]} Qxe5 {[%emt 0:00:04]} 19. b4 {[%emt 0:00:05]}
Rae8 {[%emt 0:06:06]} 20. Qd2 {[%emt 0:00:07]} Re7 {[%emt 0:10:14]} 21. b5 {
[%emt 0:00:20]} Rfe8 {[%emt 0:01:48]} 22. a4 {[%emt 0:00:13]} Bc8 {[%emt 0:00:
29]} 23. a5 {[%emt 0:00:08]} Bb7 {[%emt 0:01:23]} 24. Rae1 {[%emt 0:00:56]} Qc7
{[%emt 0:06:24]} 25. Rf4 {[%emt 0:00:25]} Re5 {[%emt 0:00:46]} 26. Rf5 {
[%emt 0:00:20]} R5e6 {[%emt 0:06:14]} 27. Rf4 {[%emt 0:04:38]} g6 {[%emt 0:03:
23]} 28. a6 {[%emt 0:01:04]} Ba8 {[%emt 0:02:49]} 29. Re2 {[%emt 0:01:28]} Qe7
{[%emt 0:23:54]} 30. g4 {[%emt 0:03:03]} Qg5 {[%emt 0:01:16]} 31. Ref2 {
[%emt 0:01:57]} R8e7 {[%emt 0:05:03]} 32. Qe2 {[%emt 0:00:44]} Re5 {[%emt 0:08:
35]} 33. Qf3 {[%emt 0:00:36]} Rf5 {[%emt 0:11:24]} 34. Rxf5 {[%emt 0:00:35]}
gxf5 {[%emt 0:00:02]} 35. Qxf5 {[%emt 0:00:11]} Qc1+ {[%emt 0:02:33]} 36. Bf1 {
[%emt 0:00:37]} d3 {[%emt 0:03:18]} 37. Qc8+ {[%emt 0:01:12]} Kg7 {[%emt 0:00:
02]} 38. Qd8 {[%emt 0:01:08]} Re6 {[%emt 0:02:00]} 39. Qc7 {[%emt 0:00:21]} Rf6
{[%emt 0:00:50]} 40. Qe5 {[%emt 0:00:08]} 1-0

[Event "EICC 2021"]
[Site "Reykjavik"]
[Date "2021.09.03"]
[Round "9.26"]
[White "Blohberger, Felix"]
[Black "Jones, Gawain C B"]
[Result "1-0"]
[WhiteElo "2502"]
[BlackElo "2684"]
[Annotator "TA"]
[PlyCount "79"]
[EventDate "2021.08.26"]
[EventType "swiss"]
[EventCountry "ISL"]
[Tiebreak "Cut1 Buchholz"]
[SourceTitle "playchess.com"]
[Source "ChessBase"]
[SourceQuality "1"]

{[%evp 10,79,39,36,42,24,32,-1,16,-8,-15,-15,-15,-13,-14,-8,-28,-38,0,0,0,8,5,
7,58,33,92,70,273,264,262,251,308,303,270,246,572,558,849,473,441,310,522,509,
512,490,547,517,600,563,502,417,594,555,602,594,547,503,5764,5850,5825,5850,
4925,4302,29977,29978,29978,29979,29979,29980,29978,29969]} 1. e4 e5 2. Nf3 Nc6
3. Bb5 a6 4. Ba4 Nf6 5. O-O d6 6. Re1 Bd7 {C79: Ruy Lopez: Steinitz-type lines
with 3...a6 4 Ba4 Nf6 5 0-0 d6.} 7. c4 Be7 8. d4 {[#]} b5 $146 {The position
is equal.} ({Predecessor:} 8... Nxd4 9. Nxd4 exd4 10. Bxd7+ Nxd7 11. Qxd4 Bf6
12. Qd2 O-O 13. Nc3 c6 14. b3 b5 {1/2-1/2 (14) Gharamian,T (2671)-Tkachiev,V 
(2641) Nancy 2012}) 9. cxb5 Nxd4 10. Nxd4 exd4 11. bxa6 c5 $1 12. b4 Rxa6 13.
Bxd7+ Nxd7 14. b5 Ra5 15. a4 Qa8 $1 16. Ra3 Nb6 (16... O-O $11) 17. e5 $1 $14 {
[%cal Re5d6]} d5 (17... dxe5 $14 18. Rxe5 Kf8) 18. e6 {Strongly threatening
exf7+.} f5 {[#] This move loses the game for Black.} (18... f6 $14) 19. Qh5+ $1
$18 g6 20. Qh6 {aiming for Qg7.} Kd8 21. Qg7 Re8 22. Rh3 ({Weaker is} 22. Qxh7
Nc4 $16) 22... Rxa4 $2 (22... h5 {is a better chance.} 23. Qxg6 Rxa4 24. Rxh5 (
24. Qxf5 Nc4 $16) 24... Qa5) 23. Rxh7 Nc4 {[#]} 24. Bg5 $1 {[%cal Rg5e7][%mdl
512]} Ra7 25. Bf4 {Black must now prevent Rh8.} Qb7 $2 (25... g5) 26. Qxg6 Qxb5
27. Qxf5 Qc6 28. h4 Rb7 29. h5 Nd6 30. Qe5 Ne4 (30... Nc4 $142 31. Qf5 Nd6) 31.
Rh8 Bf6 32. Rxe8+ Kxe8 33. Qf5 Re7 {[#]} (33... Ke7 $142 34. Nd2 Qxe6) 34. Rxe4
$1 {[%mdl 512]} dxe4 35. Qg6+ Kd8 36. Qxf6 Qa4 37. Bg5 {White mates.} Qd1+ 38.
Kh2 Qxh5+ 39. Kg3 Qe8 40. Kf4 {Weighted Error Value: White=0.23/Black=0.77} 1-0